Modelovanie prognózovania a zavádzania inovácií v prostredí malých a stredných podnikov na Slovensku
Zameranie na poukázanie celkovej významnosti v plánovaní inovácií v podnikateľskom prostredí malých a stredných podnikov na Slovensku v období rokov 2004 až 2018. Prognóza vývoja priemyselných podnikov a podnikov služieb, zapojených do inovačnej aktivity až do roku 2022.
Salvato in:
| Autore principale: | |
|---|---|
| Natura: | Capitolo di libro |
| Lingua: | slovacco |
| Soggetti: | |
| Tags: |
Nessun Tag, puoi essere il primo ad aggiungerne!!
|
MARC
| LEADER | 00000naa a2200000 4500 | ||
|---|---|---|---|
| 001 | 0277888 | ||
| 005 | 20240502074326.2 | ||
| 041 | 0 | |a slo | |
| 044 | |a SK | ||
| 245 | 1 | 0 | |a Modelovanie prognózovania a zavádzania inovácií v prostredí malých a stredných podnikov na Slovensku |
| 520 | |a Zameranie na poukázanie celkovej významnosti v plánovaní inovácií v podnikateľskom prostredí malých a stredných podnikov na Slovensku v období rokov 2004 až 2018. Prognóza vývoja priemyselných podnikov a podnikov služieb, zapojených do inovačnej aktivity až do roku 2022. | ||
| 610 | 2 | 0 | |a podnik malý |
| 610 | 2 | 0 | |a podnik stredný |
| 610 | 2 | 0 | |a výkonnosť |
| 610 | 2 | 0 | |a manažment |
| 100 | 1 | |a Šoltésová, Klaudia, 1995- | |